000 00735nam a22002297a 4500
003 UA-OsUOA
001 102460
007 ta
008 20130916b un ||||| |||| 00| 0 ukr d
090 _a908(477.82)"1943"
_bВ67
942 _cBK
040 _aUA-OsUOA
_bukr
_cUA-OsUOA
_dUA-OsUOA
245 _aВолинь
_bнезалежний культурологічний часопис "Ї" 25 рік видання
_cгол. ред. Т. Возняк
300 _a320 с.
955 _a1
041 _aukr
080 _a908(477.82)"1943"
260 _aЛьвів
_bЇ
_c2013
246 3 1 _aПочинай зі свого дому
_nч. 74
650 7 _a9 Географія. Біографії. Історія
_2UDC
999 _c388677
_d388677